[Event "EU-ch U12 31st"]
[Site "Mamaia"]
[Date "2023.08.09"]
[Round "5"]
[White "Gabadadze, Gabriel"]
[Black "Gales, Randi Ioan"]
[Result "1-0"]
[WhiteElo "1732"]
[BlackElo "1953"]
[PlyCount "89"]
[EventDate "2023.09.05"]
[EventType "swiss"]
[EventRounds "9"]
[EventCountry "ROU"]
[SourceTitle "EXT 2024"]
[Source "ChessBase"]
[SourceDate "2023.10.10"]
[SourceVersion "1"]
[SourceVersionDate "2023.10.10"]
[SourceQuality "1"]

1. e4 c5 2. Nf3 Nc6 3. Bb5 e6 4. 0-0 Nge7 5. d4 cxd4 6. Nxd4 Qb6 7. Nxc6 dxc6 8. Bc4 Ng6 9. a4 Bc5 10. a5 Qc7 11. Kh1 e5 12. Qh5 Qe7 13. Bg5 f6 14. Bd2 Bd6 15. Be3 Be6 16. Nd2 Qf7 17. Bxe6 Qxe6 18. b3 0-0 19. Nc4 Be7 20. Rad1 Kh8 21. Qf5 Qxf5 22. exf5 Nh4 23. g4 Rfd8 24. Rxd8+ Rxd8 25. Bxa7 Nf3 26. Bb6 Rd5 27. Kg2 Nd2 28. Ne3 Rd7 29. Rd1 Bb4 30. Nf1 Rd6 31. Bc5 Bxc5 32. Rxd2 Rd5 33. Rxd5 cxd5 34. Ne3 Bb4 35. a6 bxa6 36. Nxd5 Bd6 37. b4 Kg8 38. c4 Kf7 39. c5 Bf8 40. Nc7 a5 41. bxa5 Bxc5 42. a6 Ke7 43. Nb5 Kd7 44. a7 Bxa7 45. Nxa7 1-0

[Event "Wch U12 blitz"]
[Site "Batumi"]
[Date "2023.06.10"]
[Round "2"]
[White "Filin, Grigory"]
[Black "Gabadadze, Gabriel"]
[Result "1/2-1/2"]
[WhiteElo "1940"]
[BlackElo "1601"]
[PlyCount "107"]
[EventDate "2023.06.10"]
[EventType "swiss (blitz)"]
[EventRounds "11"]
[EventCountry "GEO"]
[SourceTitle "EXT 2024"]
[Source "ChessBase"]
[SourceDate "2023.10.10"]
[SourceVersion "1"]
[SourceVersionDate "2023.10.10"]
[SourceQuality "1"]
[WhiteTeam "FIDE"]
[BlackTeam "Georgia"]
[BlackTeamCountry "GEO"]

1. d4 Nf6 2. Nf3 e6 3. g3 c5 4. Bg2 cxd4 5. Nxd4 d5 6. 0-0 e5 7. Nb3 Nc6 8. c4 d4 9. f4 e4 10. N1d2 Bf5 11. h3 h5 12. c5 Be7 13. Nc4 Qd5 14. Ne5 Bxc5 15. Nxc5 Qxc5 16. Qb3 0-0 17. Bd2 d3+ 18. e3 Be6 19. Qc3 Qxc3 20. Bxc3 Nxe5 21. fxe5 Nd5 22. Bd4 Ne7 23. Bxe4 Bxh3 24. Rfd1 Bf5 25. Bxd3 Bxd3 26. Rxd3 b6 27. Rc1 Rac8 28. Rdc3 Rxc3 29. Bxc3 Rc8 30. Rd1 Rc7 31. Kf2 Kh7 32. Kf3 g6 33. Rd2 Nf5 34. e4 Ng7 35. Kf4 Ne6+ 36. Kf3 Kh6 37. Rd3 Kh7 38. Rd6 Kh6 39. a3 Kh7 40. Rd1 Kh6 41. Rh1 Kg7 42. Rd1 Kh7 43. Ke2 Kh6 44. Rd3 Kh7 45. Kd2 Kh6 46. Kc2 Kg5 47. Kd2 Kg4 48. Ke2 Nc5 49. Re3 Rd7 50. Rf3 Kh3 51. Re3 Kg4 52. Rf3 Kh3 53. Re3 Kg4 54. Rf3 1/2-1/2

[Event "Wch U10"]
[Site "Batumi"]
[Date "2022.09.20"]
[Round "5"]
[White "Gabadadze, Gabriel"]
[Black "Tuvshintulga, Tumurchudur"]
[Result "0-1"]
[WhiteElo "1751"]
[BlackElo "1364"]
[PlyCount "56"]
[EventDate "2022.09.16"]
[EventType "swiss"]
[EventRounds "11"]
[EventCountry "GEO"]
[SourceTitle "EXT 2023"]
[Source "ChessBase"]
[SourceDate "2022.10.05"]
[SourceVersion "1"]
[SourceVersionDate "2022.10.05"]
[SourceQuality "1"]

1. e4 d5 2. exd5 Qxd5 3. Nc3 Qa5 4. d4 Nf6 5. Nf3 Bf5 6. Ne5 c6 7. Nc4 Qd8 8. Bf4 e6 9. Be2 Be7 10. 0-0 0-0 11. Qd2 Nbd7 12. Nd6 Bxd6 13. Bxd6 Re8 14. Bg3 Nb6 15. Rad1 Nbd5 16. f3 a5 17. Na4 Nh5 18. Nc5 Nxg3 19. hxg3 Qc7 20. Kf2 e5 21. Bd3 Bxd3 22. Qxd3 exd4 23. Rh1 h6 24. Qxd4 Rad8 25. Ne4 f5 26. Nd2 Ne3 27. Qc5 Nxd1+ 28. Rxd1 Qe7 0-1

[Event "Wch U10 rapid"]
[Site "Rhodes"]
[Date "2022.05.02"]
[Round "7"]
[White "Negrean, Andrei"]
[Black "Gabadadze, Gabriel"]
[Result "1-0"]
[WhiteElo "1806"]
[BlackElo "1230"]
[PlyCount "83"]
[EventDate "2022.05.01"]
[EventType "swiss (rapid)"]
[EventRounds "9"]
[EventCountry "GRE"]
[SourceTitle "CBM 208 Extra"]
[Source "ChessBase"]
[SourceDate "2022.07.31"]
[SourceVersion "1"]
[SourceVersionDate "2022.07.31"]
[SourceQuality "1"]

1. d4 Nf6 2. Nf3 e6 3. g3 c5 4. Bg2 cxd4 5. 0-0 d5 6. Nxd4 e5 7. Nb3 Nc6 8. c4 d4 9. e3 Be6 10. exd4 exd4 11. Bxc6+ bxc6 12. Nxd4 Bc5 13. Nxe6 fxe6 14. Qe2 Qe7 15. Be3 Bxe3 16. Qxe3 0-0 17. Nc3 Rad8 18. Rae1 Rde8 19. Ne4 Ng4 20. Qg5 Qxg5 21. Nxg5 e5 22. f3 Nf6 23. Ne4 Nd7 24. b3 a5 25. Rd1 Nf6 26. Rd6 Rc8 27. Nxf6+ Rxf6 28. Rd7 Rcf8 29. Kg2 g5 30. Rdd1 h6 31. Rde1 Re8 32. Re4 Rd6 33. Rf2 Kf7 34. Rfe2 Kf6 35. Kf2 Rd1 36. f4 gxf4 37. gxf4 Rg8 38. Rxe5 Rgg1 39. Rxa5 Rgf1+ 40. Ke3 Rg1 41. Rc5 Rg7 42. Ke4 1-0

[Event "EU-ch Hybrid U10"]
[Site "Tornelo INT"]
[Date "2021.10.15"]
[Round "6"]
[White "Gabadadze, Gabriel"]
[Black "Besou, Hussain"]
[Result "1/2-1/2"]
[WhiteElo "1407"]
[BlackElo "1995"]
[PlyCount "164"]
[EventDate "2021.10.15"]
[EventType "swiss"]
[EventRounds "9"]
[EventCountry "NET"]
[SourceTitle "EXT 2023"]
[Source "ChessBase"]
[SourceDate "2022.10.05"]
[SourceVersion "1"]
[SourceVersionDate "2022.10.05"]
[SourceQuality "1"]
[WhiteTeam "Georgia"]
[BlackTeam "Germany"]
[WhiteTeamCountry "GEO"]
[BlackTeamCountry "GER"]

1. e4 e5 2. Nf3 Nc6 3. Bb5 a6 4. Ba4 Nf6 5. 0-0 b5 6. Bb3 Be7 7. d4 d6 8. dxe5 Nxe5 9. Nxe5 dxe5 10. Qxd8+ Bxd8 11. Be3 Bb7 12. f3 0-0 13. Bc5 Re8 14. Rd1 c6 15. Nc3 a5 16. a3 Bc8 17. Kf2 Nd7 18. Be3 Be7 19. a4 b4 20. Ne2 Nc5 21. Bc4 Nb7 22. Rd2 Nd6 23. Bb3 Ba6 24. Rad1 Nc4 25. Bxc4 Bxc4 26. Rd7 Bf8 27. Rc7 Ra6 28. b3 Be6 29. Nc1 f5 30. Nd3 fxe4 31. fxe4 Bg4 32. Rd2 Bd6 33. Rb7 Bc8 34. Rb6 Bc7 35. Rxa6 Bxa6 36. Nc5 Bc8 37. h3 h6 38. Nd3 Rf8+ 39. Kg3 Kh7 40. Rf2 Rxf2 41. Kxf2 Kg6 42. Kf3 Kf6 43. Nc5 Bd8 44. Nd3 Bc7 45. Nc5 Ke7 46. Nd3 Be6 47. Nc5 Bc8 48. Ke2 Kd6 49. Kd3 Bd8 50. c3 bxc3 51. Kxc3 h5 52. b4 g5 53. bxa5 Bxa5+ 54. Kc2 g4 55. hxg4 hxg4 56. Nb3 Be1 57. a5 g3 58. Bc5+ Kd7 59. Kd1 Bc3 60. Kc2 Bxa5 61. Nxa5 Ba6 62. Kd2 Bf1 63. Ke3 Bxg2 64. Nc4 Ke6 65. Nd2 Kf6 66. Nf3 Ke6 67. Bb4 Bf1 68. Bc5 Bg2 69. Ke2 Kf6 70. Bb4 Ke6 71. Be1 c5 72. Bxg3 c4 73. Ke3 c3 74. Nxe5 c2 75. Nd3 Bf1 76. Bf4 Bg2 77. e5 Kf5 78. Kd2 Bf1 79. Kxc2 Ke4 80. Kc3 Bxd3 81. e6 Kd5 82. e7 Bg6 1/2-1/2